Matroid theory : AMS-IMS-SIAM Joint Summer Research Conference on Matroid Theory, July 2-6, 1995, University of Washington, Seattle

Saved in:
Bibliographic Details
Corporate Author: AMS-IMS-SIAM Joint Summer Research Conference on Matroid Theory University of Washington
Other Authors: Bonin, Joseph E. (Joseph Edmond) 1962- (Editor), Oxley, J. G. (Editor), Servatius, Brigitte 1954- (Editor)
Format: Conference Proceeding Book
Language:English
Published: Providence, R.I. : American Mathematical Society, 1996
Series:Contemporary mathematics (American Mathematical Society) ; ; 197
Subjects:
Tags: Add Tag
No Tags, Be the first to tag this record!

MARC

LEADER 00000nam a2200000 i 4500
001 1/73637
008 990318s1996 eng d
020 |a 0821805088 
035 |l 10048856 
040 |a GR-MY-UA  |b eng  |e aacr 
041 0 |a eng 
082 0 |a 511.6 
111 2 |a AMS-IMS-SIAM Joint Summer Research Conference on Matroid Theory  |d (1995  |c University of Washington. 
245 1 0 |a Matroid theory :  |b AMS-IMS-SIAM Joint Summer Research Conference on Matroid Theory, July 2-6, 1995, University of Washington, Seattle /  |c Joseph E. Bonin, James G. Oxley, Brigitte Servatius, editors 
260 |a Providence, R.I. :   |b American Mathematical Society,   |c 1996 
300 |a xii, 418 p.;  |b ill.;  |c 26 cm. 
490 1 |a Contemporary mathematics  |v ; 197 
500 |a Includes bibliographical references 
650 0 0 |a Matroids  |x Congresses. 
700 1 |a Bonin, Joseph E.  |q (Joseph Edmond)  |d 1962-  |4 edt 
700 1 |a Oxley, J. G.  |4 edt 
700 1 |a Servatius, Brigitte  |d 1954-  |4 edt 
830 0 |a Contemporary mathematics (American Mathematical Society) ;  |v ; 197 
852 |a INST  |b SAMOS  |e 19990318  |h 511.6 AMS  |p 005300013158  |q 005300013158  |t BK  |y 0 
901 |a BIBL-1999-1 
909 |a Σ  |b 063159 
922 |a 3ΕΛΗ  |b 199902  |c ΕΠΕΑΕΚ/ΜΑΘ  |d LEADER